000 00417nam a2200169Ia 4500
008 230524s9999 xx 000 0 und d
020 _a8174465421
082 _a381.142
_bKAZ
100 _aS H H Kazmi
245 0 _aMarketing Management : Text And Cases
250 _aIST
260 _aNEW DELHI
_bExcel Books
_c2008
300 _aXV;1193
500 _aQuantity Number: 5
650 _aManagement
942 _cBK
999 _c41977
_d41977